| 000 | 00425nam a2200181Ia 4500 | ||
|---|---|---|---|
| 008 | 210210b1946 xxu||||| |||| 00| 0 eng d | ||
| 041 | _aeng | ||
| 082 | _a825/184 | ||
| 100 | _aCHURCHILL (P C) | ||
| 245 | _aHe served human liberty | ||
| 260 |
_aLondon _bGeorge Allen & Unwin Ltd _c1946 |
||
| 650 | _aserved | ||
| 650 | _aliberty | ||
| 650 | _ahuman | ||
| 650 | _aHe | ||
| 690 | _aEnglish Criticism | ||
| 906 | _a014501 | ||
| 999 |
_c133687 _d133687 |
||